000 01576cam a2200397 a 4500
001 2108469
005 20260507124043.0
008 960820s1996 pau b 001 0 eng
010 _a 96042499
020 _a1563381753
020 _a9781563381751
035 _a2108469
040 _aDLC
_cDLC
_dDLC
043 _an-us---
050 0 0 _aBR516
_b.W88 1996
082 0 0 _a261.7
_220
_bWUT
100 1 _aWuthnow, Robert.
245 1 0 _aChristianity and civil society :
_bthe contemporary debate
_cRobert Wuthnow.
260 _aValley Forge, Pa. :
_bTrinity Press International,
_cc1996.
300 _avii, 103 p. ;
_c24 cm.
336 _atext
_btxt
_2rdacontent
337 _aunmediated
_bn
_2rdamedia
338 _avolume
_bnc
_2rdacarrier
490 1 _aThe Rockwell lecture series
504 _aIncludes bibliographical references and index.
650 0 _aChurch and state
_zUnited States
_xHistory
_y20th century.
650 0 _aChurch and social problems
_zUnited States
_xHistory
_y20th century.
651 0 _aUnited States
_xChurch history
_y20th century.
651 0 _aUnited States
_xPolitics and government
_y20th century.
830 0 _aRockwell lecture series (Valley Forge, Pa.)
856 4 2 _3Contributor biographical information
_uhttp://www.loc.gov/catdir/enhancements/fy1117/96042499-b.html
906 _a7
_bcbc
_corignew
_d1
_eocip
_f19
_gy-gencatlg
942 _2ddc
_cBK
_n0
999 _c23706
_d23706